MASTERING FINANCIAL MATHEMATICS IN MICROSOFT EXCEL (Record no. 9619)
[ view plain ]
| 000 -LEADER | |
|---|---|
| fixed length control field | 00359nam a2200133Ia 4500 |
| 008 - FIXED-LENGTH DATA ELEMENTS--GENERAL INFORMATION | |
| fixed length control field | 240624s9999 xx 000 0 und d |
| 041 ## - LANGUAGE CODE | |
| Language code of text/sound track or separate title | eng |
| 082 ## - DEWEY DECIMAL CLASSIFICATION NUMBER | |
| Classification number | 511.8 DAY |
| 100 ## - MAIN ENTRY--PERSONAL NAME | |
| Personal name | DAY ALASTAIR |
| 245 ## - TITLE STATEMENT | |
| Title | MASTERING FINANCIAL MATHEMATICS IN MICROSOFT EXCEL |
| 260 ## - PUBLICATION, DISTRIBUTION, ETC. | |
| Date of publication, distribution, etc. | 2005 |
| Place of publication, distribution, etc. | Harlow |
| Name of publisher, distributor, etc. | Pearson Education |
| 300 ## - PHYSICAL DESCRIPTION | |
| Extent | xv, : 351 : p. : cm. ; 24 |
| 365 ## - TRADE PRICE | |
| Currency code | |
| Price amount | 28 |
| Withdrawn status | Lost status | Damaged status | Not for loan | Home library | Current library | Shelving location | Date acquired | Source of acquisition | Cost, normal purchase price | Total Checkouts | Total Renewals | Total Holds | Full call number | Barcode | Date last seen | Date last checked out | Copy number | Price effective from | Koha item type |
|---|---|---|---|---|---|---|---|---|---|---|---|---|---|---|---|---|---|---|---|
| IMTN | IMTN | Rack 17-A | 09/17/2008 | UBS | 83.50 | 3 | 1 | 32767 | 511.8 DAY | 9619 | 02/03/2025 | 01/01/2025 | 45.2 | 06/24/2024 | Books |